Se privilegia intereses petroleros y se posterga a poblaciones caribeñas. Manifiesto del taller efectuado en Suretka, Limón (1-12-99)

Uloženo v:
Podrobná bibliografie
Médium: Text
Témata:
Tagy: Přidat tag
Žádné tagy, Buďte první, kdo vytvoří štítek k tomuto záznamu!

MARC

LEADER 00000 a a2200000 04500
001 582
003
040
245 |a Se privilegia intereses petroleros y se posterga a poblaciones caribeñas. Manifiesto del taller efectuado en Suretka, Limón (1-12-99)  
650 |a PETROLEO  
650 |a INDUSTRIA PETROLERA  
650 |a CARIBE  
650 |a RECURSOS PETROLIFER0S  
650 |a EXPLOTACION DE RECURSOS  
773 |g número 78; páginas 16-17  
999 |c 38376  |d 38376